[Event "Eastern Asia-ch U14"]
[Site "Tornelo INT"]
[Date "2021.10.31"]
[Round "9"]
[White "Gade, Vishal"]
[Black "Rishabh, Pawar"]
[Result "0-1"]
[WhiteElo "1200"]
[BlackElo "1259"]
[PlyCount "112"]
[EventDate "2021.10.29"]
[EventType "swiss"]
[EventRounds "9"]
[EventCountry "NET"]
[SourceTitle "EXT 2023"]
[Source "ChessBase"]
[SourceDate "2022.10.05"]
[SourceVersion "1"]
[SourceVersionDate "2022.10.05"]
[SourceQuality "1"]

1. e4 Nc6 2. Nf3 f5 3. exf5 d5 4. c4 Bxf5 5. Nc3 Nf6 6. cxd5 Nxd5 7. Bc4 Nxc3 8. dxc3 Qxd1+ 9. Kxd1 0-0-0+ 10. Ke1 h6 11. Be3 a6 12. Ke2 e5 13. Nh4 Bg4+ 14. f3 Bh5 15. Nf5 e4 16. Rad1 exf3+ 17. gxf3 Bd6 18. Nxg7 Bxf3+ 19. Kxf3 Ne5+ 20. Ke2 Nxc4 21. b3 Nxe3 22. Kxe3 Be5 23. Rxd8+ Rxd8 24. Nf5 Bxc3 25. Nxh6 Rd2 26. h4 Rxa2 27. Nf5 Ra5 28. Ng3 Be5 29. Ne4 Rb5 30. Nd2 Bg7 31. h5 Bh6+ 32. Ke2 Re5+ 33. Kd1 Rd5 34. Rh2 Kd7 35. Kc2 Rxd2+ 36. Rxd2+ Bxd2 37. Kxd2 Ke6 38. Ke3 Kf5 39. Kd4 Kg5 40. Ke5 Kxh5 41. Ke6 a5 42. Kd5 b5 43. Kc5 c6 44. Kxc6 a4 45. b4 a3 46. Kxb5 a2 47. Kc6 a1Q 48. b5 Qe5 49. b6 Qb8 50. Kb5 Kg5 51. Kc5 Kf6 52. Kc6 Ke6 53. Kc5 Kd7 54. Kb5 Kd6 55. Ka5 Kc5 56. b7 Qa7# 0-1